000 00647nam a2200253Ia 4500
003 OSt
005 20220918223428.0
006 a|||||r|||| 00| 0
007 ta
008 220917b |||||||| |||| 00| 0 eng d
024 _a222,483
037 _cTextual
040 _aARTS
_cARTS
_beng
041 _2eng
_aeng
082 _aNWk, P4
100 _aHayward Susan
_9145715
245 0 _aKey concepts in cinema studies
250 _a2nd
260 _aLondon
_bRoutledge
_c2004
300 _axx, 528p
_ccm.
650 _aMOTION PICTURES; ARTS
_94029
942 _hNWk, P4
_cTEXL
_2CC
999 _c278407
_d278407